Che Songs - Sudden Death - Statistics

General Stats
  • This quiz has been taken 36 times
  • The average score is 10 of 15
Answers on the Grid
Answers color-coded by a green-red scale on the quiz's grid according to % correct below.
MARCELINE
Summer Sixteen
MONSTER
Shut Up
FOMDJ
Call Me
draco draco
Maag Dump
Str8 Flexin
fangs
Tommy
I Rot, I Rot
Badu
BLACK SWAN
Feel Right
Bad Man
sol
DON'T TELL NO1
25WAGG3DOU2
Waffle House
YDFWMNM?
Batman
EARDRUMMER
Bye Bye
Kisses
do 2 much
sos
I Eat Humans
Pissy Coffee
40
 
Answer Stats
Answer % Correct
MONSTER
95%
I Rot, I Rot
91%
MARCELINE
91%
BLACK SWAN
82%
sol
82%
YDFWMNM?
82%
EARDRUMMER
77%
Pissy Coffee
73%
sos
73%
DON'T TELL NO1
64%
draco draco
64%
fangs
64%
Call Me
41%
Badu
32%
Batman
32%
No matching quizzes found
Score Distribution
Percent of People with Each Score
Percentile by Number Answered
Your Score History
You have not taken this quiz